[Event "Milan Vidmar Memorial Tournament"]
[Site "SchemingMind.com"]
[Date "2020.08.13"]
[Round "-"]
[White "David Carter"]
[Black "The Stonewall"]
[Result "0-1"]
[WhiteCountry "USA"]
[BlackCountry "ENG"]
[WhiteElo "1971"]
[WhiteRD "73"]
[BlackElo "2498"]
[BlackRD "80"]
[GameID "458634"]

1. d4 d5 2. c4 e6 3. Nc3 c6 4. e4 dxe4 5. Nxe4 Bb4+ 6. Bd2 Qxd4 7. Bxb4 Qxe4+ 8. Ne2 Na6 9. Bf8 Ne7 10. Bxg7 Nb4
11. Qd6 Nd3+ 12. Kd2 Nf5 13. Qxd3 Qxd3+ 14. Kxd3 Nxg7 15. Kc3 b6 16. g3 c5 17. Bg2 Rb8 18. Rad1 Bb7 19. Bxb7 Rxb7 20. Nf4 Nf5
21. Rhe1 Rd7 22. Nd5 Kd8 23. Nf6 Rxd1 24. Rxd1+ Ke7 25. Ne4 Nd4 26. a3 f5 27. Ng5 a5 28. Rd3 e5 29. Nf3 e4 30. Nxd4 exd3
31. Nxf5+ Kf6 32. Ne3 Rd8 33. Nd5+ Ke5 34. Kxd3 b5 35. f4+ Ke6 36. Ke4 bxc4 37. f5+ Kf7 38. Nb6 Rd2 39. g4 Kf6 40. h4 Rd4+
41. Kf3 h5 42. gxh5 Kxf5 43. Na4 Rxh4 44. Nxc5 Rxh5 45. Ke3 Ke5 46. Na4 Rh2 47. Nb6 Rh3+ 48. Kd2 Kd4 49. Na4 Rh2+ 50. Kc1 Kd3
51. Nc5+ Kd4 52. Na4 Ke3 53. Kd1 c3
0-1

[Event "Milan Vidmar Memorial Tournament"]
[Site "SchemingMind.com"]
[Date "2020.08.13"]
[Round "-"]
[White "The Stonewall"]
[Black "ray winteringham"]
[Result "1-0"]
[WhiteCountry "ENG"]
[BlackCountry "ENG"]
[WhiteElo "2477"]
[WhiteRD "82"]
[BlackElo "1484"]
[BlackRD "48"]
[GameID "458635"]

1. e4 g6 2. d4 Bg7 3. Nc3 e5 4. Be3 exd4 5. Bxd4 Nf6 6. Qd2 d6 7. f3 Be6 8. O-O-O Nbd7 9. Nge2 O-O 10. Nf4 c5
11. Be3 b6 12. Nxe6 fxe6 13. Qxd6 Re8 14. Bb5 Re7 15. Bg5 h6 16. Bxf6 Bxf6 17. Bxd7 Kh8 18. e5 Bg5+ 19. Kb1 Rb8 20. g3 Rb7
21. Bc6 Qxd6 22. exd6 Rf7 23. Bxb7
1-0

[Event "Milan Vidmar Memorial Tournament"]
[Site "SchemingMind.com"]
[Date "2020.08.13"]
[Round "-"]
[White "ray winteringham"]
[Black "The Stonewall"]
[Result "0-1"]
[WhiteCountry "ENG"]
[BlackCountry "ENG"]
[WhiteElo "1484"]
[WhiteRD "48"]
[BlackElo "2477"]
[BlackRD "82"]
[GameID "458636"]

1. g3 d5 2. Bg2 Nf6 3. d4 c6 4. b3 Bf5 5. Bb2 e6 6. e3 Nbd7 7. Nd2 Bd6 8. Ne2 e5 9. dxe5 Nxe5 10. O-O O-O
11. f4 Neg4 12. Bxf6 Qxf6 13. e4 Bc5+ 14. Kh1 Nxh2 15. exf5 Qh6 16. Nf3 Nxf3+
0-1

[Event "Milan Vidmar Memorial Tournament"]
[Site "SchemingMind.com"]
[Date "2020.08.13"]
[Round "-"]
[White "The Stonewall"]
[Black "Chessibelle"]
[Result "1-0"]
[WhiteCountry "ENG"]
[BlackCountry "ENG"]
[WhiteElo "2477"]
[WhiteRD "82"]
[BlackElo "1074"]
[BlackRD "53"]
[GameID "458637"]

1. e4 e5 2. d4 Bd6 3. Nf3 Nc6 4. d5 Nb8 5. Nbd2 Nf6 6. Bd3 c6 7. Nc4 Be7 8. d6 Bf8 9. Nfxe5 g6 10. Qf3 Be7
11. dxe7 Qxe7 12. Bg5 O-O 13. Bxf6 Qe6 14. Qf4 d6 15. Ng4 Re8 16. Qh6
1-0

[Event "Milan Vidmar Memorial Tournament"]
[Site "SchemingMind.com"]
[Date "2020.08.13"]
[Round "-"]
[White "Chessibelle"]
[Black "The Stonewall"]
[Result "0-1"]
[WhiteCountry "ENG"]
[BlackCountry "ENG"]
[WhiteElo "1074"]
[WhiteRD "53"]
[BlackElo "2477"]
[BlackRD "82"]
[GameID "458638"]

1. e4 Nf6 2. Nc3 e6 3. d3 Bb4 4. Bd2 O-O 5. Nf3 d6 6. Be2 c5 7. O-O Nc6 8. a3 Ba5 9. Qe1 a6 10. Ng5 b5
11. Be3 Bb7 12. h4 Qe7 13. g3 h6 14. Nh3 d5 15. f3 d4 16. Bd2 dxc3 17. Bxc3 Bxc3 18. Qxc3 Nd4 19. Bd1 e5 20. Qd2 Rad8
21. f4 Nxe4 22. Qe3 Nf5 23. Qe1 Nexg3 24. Rf2 Qxh4 25. Kh2 Rd4 26. Qxe5 Nf1+ 27. Rxf1 Qg3#
0-1

[Event "Milan Vidmar Memorial Tournament"]
[Site "SchemingMind.com"]
[Date "2020.08.13"]
[Round "-"]
[White "The Stonewall"]
[Black "Robert Bruce"]
[Result "0-1"]
[WhiteCountry "ENG"]
[BlackCountry "SCO"]
[WhiteElo "2441"]
[WhiteRD "79"]
[BlackElo "2447"]
[BlackRD "76"]
[GameID "458639"]

1. e4 e5 2. Bc4 Nf6 3. d3 Nc6 4. Nc3 Na5 5. Bb3 Nxb3 6. axb3 Bb4 7. Bd2 O-O 8. Nge2 Re8 9. O-O c6 10. Ng3 a5
11. h3 h6 12. f4 d5 13. fxe5 Rxe5 14. d4 Re6 15. e5 Bxc3 16. bxc3 Ne4 17. Nxe4 dxe4 18. Qh5 Qc7 19. Bf4 b5 20. Qe2 Qb7
21. Rfb1 Rg6 22. Kh2 Be6 23. Bg3 Qc8 24. Qxe4 a4 25. Rb2 Qd8 26. Rba2 Rc8 27. Ra3 h5 28. Qe3 Qe7 29. Qe4 c5 30. bxa4 b4
31. cxb4 cxb4 32. Rd3 Qd7 33. Rd2 Rc3 34. Bf4 Bxh3 35. a5 Bf5 36. e6 fxe6 37. Qe5 Qd8 38. Kg1 Qh4 39. Rf1 Rh3 40. Bh2 Be4
41. d5 exd5 42. Re2 Ra3 43. Rf4 Qg5 44. Qxg5 Rxg5 45. Rf1 Ra2 46. Rb1 b3 47. Rxb3 Ra1+ 48. Kf2 Rxg2+ 49. Ke3 Rg4 50. Rb8+ Kh7
51. Rf2 Rxa5 52. c3 Ra1 53. Be5 Bg2 54. Rb4 Rg5 55. Bf4 Rg6 56. Rbb2 Ra4 57. Rb4 Ra1 58. Rbb2 Ra4 59. Rb4 Re6+ 60. Kd3 Be4+
61. Kd4 Ra7 62. Rh2 Kg6 63. Be3 Bf5 64. Rg2+ Kf7 65. Rf2 Kf6 66. Rb8 Ra4+ 67. c4 g6 68. Bd2 dxc4 69. Bc3 Kg5 70. Rg2+ Kh4
71. Rh2+ Kg5 72. Rg2+ Kf4 73. Rf2+ Kg3 74. Rbb2 Re4+ 75. Kd5 Re3 76. Rg2+ Kh3 77. Rh2+ Kg4 78. Rhg2+ Rg3 79. Rxg3+ Kxg3 80. Be1+ Kh3
81. Rf2 Ra1
0-1

[Event "Milan Vidmar Memorial Tournament"]
[Site "SchemingMind.com"]
[Date "2020.08.13"]
[Round "-"]
[White "Robert Bruce"]
[Black "The Stonewall"]
[Result "1/2-1/2"]
[WhiteCountry "SCO"]
[BlackCountry "ENG"]
[WhiteElo "2397"]
[WhiteRD "67"]
[BlackElo "2504"]
[BlackRD "78"]
[GameID "458640"]

1. c4 c6 2. e4 d5 3. exd5 cxd5 4. cxd5 Nf6 5. Nc3 Nxd5 6. Nf3 g6 7. Bc4 Nb6 8. Bb3 Bg7 9. d4 O-O 10. d5 Bg4
11. h3 Bxf3 12. Qxf3 N8d7 13. Bg5 Nc5 14. Rd1 Nxb3 15. axb3 Qd7 16. O-O Rfe8 17. g4 Rac8 18. Kg2 h6 19. Bc1 Rcd8 20. Rfe1 Qc8
21. Bf4 a6 22. Re3 Rd7 23. Rde1 Qd8 24. d6 Nc8 25. Ne4 b6 26. Kg1 e5 27. Ng3 f6 28. R3e2 Nxd6 29. Be3 f5 30. gxf5 gxf5
31. Qh5 Rf7 32. f4 exf4 33. Bxf4 Rxe2 34. Qxe2 Qh4 35. Qf1 b5 36. Re6 Ne4 37. Nxe4 fxe4 38. Rxe4 h5 39. Kh2 Qf6 40. Qd3 Qxb2+
41. Re2 Qd4 42. Qxd4 Bxd4 43. Kg3 a5 44. Re8+ Rf8 45. Rxf8+ Kxf8 46. Kh4 a4 47. bxa4 bxa4 48. Bc1=
1/2-1/2

[Event "Milan Vidmar Memorial Tournament"]
[Site "SchemingMind.com"]
[Date "2020.08.13"]
[Round "-"]
[White "The Stonewall"]
[Black "William Lindberg"]
[Result "1/2-1/2"]
[WhiteCountry "ENG"]
[BlackCountry "USA"]
[WhiteElo "2498"]
[WhiteRD "80"]
[BlackElo "2416"]
[BlackRD "63"]
[GameID "458641"]

1. e4 e5 2. Nf3 Nc6 3. d4 exd4 4. Nxd4 Bc5 5. Nb3 Bb6 6. Qe2 Nf6 7. e5 Nd5 8. c4 Ndb4 9. c5 Bxc5 10. a3 Na6
11. Qg4 Bf8 12. Bxa6 bxa6 13. O-O Rb8 14. Nd4 d5 15. e6 Nxd4 16. exf7+ Kxf7 17. Qxd4 Rb7 18. b4 Be7 19. Bb2 Bf6 20. Qf4 a5
21. Rd1 Re8 22. Nd2 axb4 23. axb4 Qe7 24. Qf3 c6 25. h3 Rxb4 26. Qh5+ Kf8 27. Bxf6 Qxf6 28. Re1 Rxe1+ 29. Rxe1 Be6 30. Qxh7 Qf5
31. Qh8+ Bg8 32. Rc1 Rd4 33. g4 Qh7 34. Qxh7 Bxh7 35. Nf3 Rc4 36. Ra1 d4 37. Kf1 c5 38. Rxa7 d3 39. Ke1 Rc1+ 40. Kd2 Rc2+
41. Kd1 Be4 42. Ne5 Rxf2 43. Rd7 Rf1+ 44. Kd2 Ke8 45. Rxg7 Rf2+ 46. Kd1 d2 47. Ra7 Bd5 48. Ra3 Ke7 49. g5 Kd6 50. Ng4 Bf3+
51. Rxf3 Rxf3 52. g6 Ke6 53. g7 Rf1+ 54. Kxd2 Kf7 55. Ne5+ Kxg7 56. Nd3 Kf6 57. Nxc5 Rf3 58. Nd3 Kf5 59. Ne1 Rxh3 60. Nd3 Rg3
61. Nc5 Ra3 62. Nd3 Ke4 63. Nf2+ Kd4 64. Ke2 Ra2+=
1/2-1/2

[Event "Milan Vidmar Memorial Tournament"]
[Site "SchemingMind.com"]
[Date "2020.08.13"]
[Round "-"]
[White "William Lindberg"]
[Black "The Stonewall"]
[Result "1/2-1/2"]
[WhiteCountry "USA"]
[BlackCountry "ENG"]
[WhiteElo "2416"]
[WhiteRD "63"]
[BlackElo "2498"]
[BlackRD "80"]
[GameID "458642"]

1. e4 e6 2. d4 d5 3. Nd2 h6 4. Ngf3 Nf6 5. e5 Nfd7 6. a3 c5 7. c3 Be7 8. Bd3 a5 9. Nf1 b6 10. Ng3 Ba6
11. Bxa6 Rxa6 12. a4 Nc6 13. O-O O-O 14. Nh5 Re8 15. Ne1 Nf8 16. Be3 Ng6 17. f4 Ra7 18. Rc1 Nh4 19. g4 g6 20. Ng3 cxd4
21. cxd4 Rc7 22. Nf3 f5 23. Nxh4 Bxh4 24. gxf5 Bxg3 25. hxg3 gxf5 26. Qe2 Qd7 27. Qb5 Rb8 28. Kf2 Ne7 29. Rxc7 Qxc7 30. Rc1 Qd8
31. Bd2 Rc8 32. Rxc8 Nxc8 33. Qc6 Kf7 34. b4 Ne7 35. Qb7 h5 36. b5 Kf8 37. Kf1=
1/2-1/2

[Event "Milan Vidmar Memorial Tournament"]
[Site "SchemingMind.com"]
[Date "2020.08.13"]
[Round "-"]
[White "The Stonewall"]
[Black "Randy Bahr"]
[Result "1-0"]
[WhiteCountry "ENG"]
[BlackCountry "USA"]
[WhiteElo "2477"]
[WhiteRD "82"]
[BlackElo "1789"]
[BlackRD "69"]
[GameID "458643"]

1. e4 e5 2. d4 exd4 3. Qxd4 Nc6 4. Qe3 g6 5. Nc3 Bg7 6. Bd2 Nf6 7. O-O-O O-O 8. Bc4 Re8 9. Nf3 Na5 10. Bd3 d5
11. Nxd5 Nxd5 12. Qc5 Qf6 13. e5 Rxe5 14. Nxe5 Qxe5 15. Qa3 Nf4 16. Bxa5 Nxg2 17. Bc3 Bh6+ 18. Kb1 Qh5 19. Bxg6 Qxd1+ 20. Rxd1 Bg4
21. Bxf7+ Kxf7 22. Qb3+ Kg6 23. Qxb7 Bxd1 24. Qxg2+
1-0

[Event "Milan Vidmar Memorial Tournament"]
[Site "SchemingMind.com"]
[Date "2020.08.13"]
[Round "-"]
[White "Randy Bahr"]
[Black "The Stonewall"]
[Result "0-1"]
[WhiteCountry "USA"]
[BlackCountry "ENG"]
[WhiteElo "1789"]
[WhiteRD "69"]
[BlackElo "2477"]
[BlackRD "82"]
[GameID "458644"]

1. c4 f5 2. Nf3 Nf6 3. g3 g6 4. Bg2 Bg7 5. O-O O-O 6. Nc3 d6 7. d4 Nc6 8. d5 Ne5 9. Qb3 Nfd7 10. Nxe5 Nxe5
11. f4 Ng4 12. h3 Nf6 13. e4 fxe4 14. Nxe4 Nxe4 15. Bxe4 Bxh3 16. Re1 Qc8 17. Bg2 Rf7 18. Bxh3 Qxh3 19. Qf3 Re8 20. Qg2 Qg4
21. Rb1 e5 22. Kh2 Rf5 23. b4 Ref8 24. Rb3 exf4 25. Rf3 Qh5+ 26. Kg1 Bd4+
0-1